| 000 | 00437nam a2200181Ia 4500 | ||
|---|---|---|---|
| 001 | 15183 | ||
| 005 | 20260306165009.0 | ||
| 008 | 260306t2005||||xx |||||||||||||| ||spa|| | ||
| 041 | _aESP | ||
| 082 |
_a530 _bS731 V. 2 2005 |
||
| 100 |
_aSears, Francis W. _eAUT |
||
| 245 | 0 |
_aFísica universitaria: _bcon física moderna |
|
| 260 | _c2005 | ||
| 300 |
_aV. 2 _c27 cm. |
||
| 650 | _aGEN | ||
| 654 | _aCCN | ||
| 942 |
_cLIB _dJUS _fJUS _2ddc _n |
||
| 999 |
_c15183 _d15183 |
||